Credit and liquidity creation in the international banking sector /

שמור ב:
מידע ביבליוגרפי
מחבר ראשי: Mayer, Helmut W.
מחבר תאגידי: Bank for International Settlements. Monetary and Economic Dept
פורמט: ספר
שפה:English
יצא לאור: Basle : Bank for International Settlements, Monetary and Economic Department, 1979.
סדרה:BIS economic papers ; no. 1.
נושאים:
LEADER 00857nam a2200241 a 4500
001 c000341558
003 CARM
005 00000000000000.0
008 870828s1979 sz 00000 eng d
019 1 |a 2817850 
040 |a NUN  |c NUN 
100 1 |a Mayer, Helmut W. 
245 1 0 |a Credit and liquidity creation in the international banking sector /  |c by Helmut Mayer. 
260 |a Basle :  |b Bank for International Settlements, Monetary and Economic Department,  |c 1979. 
300 |a 65 p. 
490 0 |a BIS economic papers ;  |v no. 1. 
650 0 |a Credit. 
650 0 |a Euro-dollar market. 
650 0 |a Liquidity (Economics) 
650 0 |a Banks and banking, International. 
650 0 |a Capital movements. 
710 2 |a Bank for International Settlements.  |b Monetary and Economic Dept. 
999 f f |i 72a14041-d19c-5557-b629-52e54dfbabc7  |s 4212235b-a2e0-5080-ab96-346eacfc9ef3